dying on the inside - Nessa Barrett - Statistics

General Stats
  • This quiz has been taken 130 times
  • The average score is 340 of 388
Answer Stats
Hint Answer % Correct
a
100%
be
100%
I
100%
it
100%
should
100%
Bridge | Verse 1 You
100%
you
100%
your
99%
as
96%
compliment
96%
did
96%
if
96%
more
96%
take
96%
that
96%
the
96%
Pre Chorus The
96%
when
96%
confident
95%
dying
95%
great
95%
hair
95%
i'm
95%
in
95%
inside
95%
it's
95%
Pre Chorus It's
95%
keep
95%
little
95%
look
95%
my
95%
on
95%
this
95%
up
95%
weight
95%
were
95%
change
93%
looks
93%
lose
93%
would
93%
'cause
92%
really
92%
best
91%
me
91%
so
91%
always
89%
do
89%
don't
89%
all
88%
Chorus Beauty
86%
is
86%
knife
86%
you're
86%
alive
85%
blade
85%
by
85%
hate
85%
can
84%
holding
84%
how
84%
know
84%
no
84%
anything
82%
eat
82%
lie
82%
been
81%
I've
81%
longer
81%
much
81%
about
80%
are
80%
down
80%
honestly
80%
one
80%
talks
80%
and
78%
conversation
78%
eating
78%
hear
78%
pretty
78%
to
78%
why
78%
with
78%
won't
78%
what
77%
while
77%
body
76%
fine
76%
for
76%
pride
76%
they
76%
wanna
76%
dinner
74%
like
74%
now
74%
secret
74%
swallowing
74%
want
74%
but
73%
kept
73%
obsessed
73%
didn't
72%
lucky
72%
then
72%
around
68%
disappear
66%
ever
65%
makes
65%
quit
65%
sees
65%
they're
65%
could
64%
feel
64%
fucking
64%
wish
59%
come
58%
matter
57%
back
55%
mirror
54%
break
53%
seem
53%
demons
51%
life
51%
appearance
50%
tears
50%
try
50%
drown
46%
filled
45%
bathtub
42%
appearence
39%
No matching quizzes found
Score Distribution
Percent of People with Each Score
Percentile by Number Answered
Your Score History
You have not taken this quiz